000
00207 a2200097 4500
001
9256
100
_a
Russell,B
245
_a
Autobiography of Bertrand Russell
260
_a
_b
Allen
_c
090
_c
7425
_d
7425
942
_a
NUST-CAE
_c
M
_c
34073
999
_c
244329
_d
244329